Central Library OPAC University of Rajshahi

A dictionary of the flowering plants and ferns / (Record no. 75185)

MARC details
000 -LEADER
fixed length control field 00685nam a2200229 a 4500
001 - CONTROL NUMBER
control field 75185
003 - CONTROL NUMBER IDENTIFIER
rucl marc code BD-RjUL
005 - DATE AND TIME OF LATEST TRANSACTION
control field 20211209082646.0
008 - FIXED-LENGTH DATA ELEMENTS--GENERAL INFORMATION
fixed length control field 190129r19601931n a|||| i||| 001 0 eng d
035 ## - SYSTEM CONTROL NUMBER
System control number (BD-RjUL)75403
040 ## - CATALOGING SOURCE
Original cataloging agency BD-RjUL
Language of cataloging eng
Transcribing agency BD-RjUL
041 ## - LANGUAGE CODE
Language code of text/sound track or separate title eng
082 ## - DEWEY DECIMAL CLASSIFICATION NUMBER
Edition number 23
Classification number 582.1303
Author mark and year WID 1960
100 1# - MAIN ENTRY--PERSONAL NAME
Personal name Willis, J. C.
Relator term (John Christopher)
9 (RLIN) 227501
245 11 - TITLE STATEMENT
Title A dictionary of the flowering plants and ferns /
Statement of responsibility, etc. J. C. Willis
250 ## - EDITION STATEMENT
Edition statement 6th. ed.
260 ## - PUBLICATION, DISTRIBUTION, ETC. (IMPRINT)
Place of publication, distribution, etc. London :
Name of publisher, distributor, etc. Cambridge University Press,
Date of publication, distribution, etc. 1960
300 ## - PHYSICAL DESCRIPTION
Pagination xii, 752 p., xlviii :
Illustrations ill.,
Size 19 cm.
500 ## - GENERAL NOTE
General note Includes Index
650 ## - SUBJECT ADDED ENTRY--TOPICAL TERM
Topical term or geographic name as entry element Plants
Form subdivision Nomenclature.
9 (RLIN) 227502
942 ## - ADDED ENTRY ELEMENTS (KOHA)
Source of classification or shelving scheme Dewey Decimal Classification
Koha item type Books
Holdings
Lost status Source of classification or shelving scheme Damaged status Not for loan Collection code Permanent Location Current Location Shelving location Date acquired Source of acquisition Cost, normal purchase price Total Checkouts Full call number Date last seen Copy number Koha item type
  Dewey Decimal Classification   Not For Loan Reference Central Library, University of Rajshahi Central Library, University of Rajshahi   22/02/1964 Zeitlinger 30.00   R 582.1303 WID 1960 29/01/2019 C-1 Books